| 000 | 00720nam a22001575i 4500 | ||
|---|---|---|---|
| 001 | 153244 | ||
| 003 | ES-MaACL | ||
| 005 | 20230906205104.0 | ||
| 008 | 961128s1898 sp |||| | spa d | ||
| 040 |
_aAS _bspa _cCCPB | SIC |
||
| 111 | 2 |
_aCongreso Internacional de Higiene y Demografía ( _n9ª. _d1898. _cMadrid) _9135086 |
|
| 245 | 1 | 0 |
_aPrograma provisional _b: IX Congreso Internacional de Higiene y Demografía bajo el patronato de S.M. el Rey D. Alfonso XIII y de S.M. La Reina Regente, Madrid, Abril 1898. |
| 260 |
_aMadrid : _b[s.n.], _c1898 ( _fImprenta de Ricardo Rojos) |
||
| 300 |
_a32 p. ; _c16 cm. |
||
| 852 |
_aES-MaACL _jT-763-F-2 _z-- Enc. hol., conservando la cub. original _z-- Enc. en un vol. facticio |
||
| 999 |
_c153244 _d153244 |
||